000 01157nam a22002537a 4500
005 20101120112842.0
008 101120t xxu||||| |||| 00| 0 mar d
010 _aMAR-20373
020 _c152.00
035 _aMR-13031
037 _bDBAD / PUB
040 _aDPL
_bMR
082 _a133.5861
100 _aवालावलकर,संजीव द
_924393
245 _aआरोग्य ज्योतिष /
_cसंजीव द वालावलकर
246 _aArogya Jyotish
_bby Sanjeev D Valavalkar
260 _aसांगली
_bअनिकेत प्रकाशन
_c2010
270 _aराजेश अर्पार्टमेंट,फ्लँट नं.5,9/41,सावंतपेलॉट,गुलमोहर कॉलनी
_bसांगली
300 _a236पृ
_b23 सेमी (अजिल्द)
650 _924396
650 _924397
942 _2ddc
_cMR
_mवालाव
_h133.5861
999 _c48657
_d48657